000 00493nam a22001817a 4500
003 CEME
005 20210628202806.0
008 210115b xxu||||| |||| 00| 0 eng d
020 _a9788131717929
040 _c.
082 _a005.1068 HEN
100 _aHenry, Joel
_961655
245 _aSoftware project management, a real world guide to success
260 _aINDIA
_bPEARSON EDUCATION
_c2008
300 _aXXVII, 409P
650 _aSOFTWARE PROJECT MANAGEMENT
_961127
942 _cBK
_2ddc
999 _c571036
_d571036